Introduction to Logic Programming
Gorde:
| Egile nagusia: | |
|---|---|
| Formatua: | Liburua |
| Argitaratua: |
springer
|
| Etiketak: |
Etiketarik gabe, Izan zaitez lehena erregistro honi etiketa jartzen!
|
MARC
| LEADER | 00000nam a2200000Ia 4500 | ||
|---|---|---|---|
| 005 | 20260515061619.0 | ||
| 100 | |a Genesereth, Michael. | ||
| 020 | |a 9783031004582 | ||
| 942 | |c BK | ||
| 245 | |a Introduction to Logic Programming | ||
| 260 | |b springer | ||
| 999 | |c 90 |d 90 | ||
| 952 | |0 0 |1 0 |4 0 |7 0 |a ABDN |b ABDN |d 2026-05-15 |l 0 |p 000093 |r 2026-05-15 06:16:19 |w 2026-05-15 |y BK | ||